000 00743nam a2200289Ia 4500
005 20260324134824.0
008 008 260324s9999 xx 000 0 eng d
020 _a9781315827841
037 _aEBOOK
040 _aCRL
040 _beng
040 _cCRL
041 _2eng
041 _aeng
084 _qCRL
100 _aImme Scholz
_91198293
245 0 _aOverexploitation or Sustainable Management? Action Patterns of the Tropical Timber Industry
245 4 _bThe Case of Para (Brazil) 1960-1997
260 _bTaylor and Francis
260 _c2001
365 _a
365 _b170
856 _uhttp://www.taylorfrancis.com/books/9781315827841
942 _cEBOOK
999 _c1798737
_d1798737